MARC

LEADER 00000nam0a2200000 4500
001 131087
005 20231031134146.0
035 |a (RuTPU)RU\TPU\book\141972 
090 |a 131087 
100 |a 20080212d1978 k y0rusy50 ca 
101 0 |a rus 
102 |a RU 
105 |a a z 001zy 
200 1 |a Теплофизика и физическая гидродинамика  |e сборник научных трудов  |f Академия наук СССР (АН СССР), Сибирское отделение (СО), Институт теплофизики (ИТ) ; под ред. С. С. Кутателадзе 
210 |a Новосибирск  |c [Б. и.]  |d 1978 
215 |a 172 с.  |c ил. 
320 |a Библиография в конце докладов. 
610 1 |a теплофизика 
610 1 |a физическая гидродинамика 
610 1 |a сборники 
610 1 |a гидродинамика 
675 |a 621.1(063)  |v 3 
675 |a 532.5(063)  |v 3 
702 1 |a Кутателадзе  |b С. С.  |g Самсок Семенович  |4 340 
712 0 2 |a Академия наук СССР (АН СССР)  |b Сибирское отделение (СО)  |b Институт теплофизики (ИТ)  |c (Новосибирск)  |2 stltpush  |3 (RuTPU)RU\TPU\col\11307 
801 1 |a RU  |b 63413507  |c 20080212  |g PSBO 
801 2 |a RU  |b 63413507  |c 20190605  |g PSBO 
942 |c BK